<?xml version="1.0" encoding="UTF-8"?>
<record
    xmlns:xsi="http://www.w3.org/2001/XMLSchema-instance"
    xsi:schemaLocation="http://www.loc.gov/MARC21/slim http://www.loc.gov/standards/marcxml/schema/MARC21slim.xsd"
    xmlns="http://www.loc.gov/MARC21/slim">

  <leader>01027nam a22002057a 4500</leader>
  <controlfield tag="003">BDDh-ASL</controlfield>
  <controlfield tag="005">20231015031057.0</controlfield>
  <controlfield tag="008">221222s2016    ir ||||| |||| 00| 0 b   d</controlfield>
  <datafield tag="040" ind1=" " ind2=" ">
    <subfield code="c">BDDh-ASL</subfield>
  </datafield>
  <datafield tag="041" ind1=" " ind2=" ">
    <subfield code="a">ben</subfield>
  </datafield>
  <datafield tag="082" ind1=" " ind2=" ">
    <subfield code="a">297</subfield>
    <subfield code="b">ASH</subfield>
  </datafield>
  <datafield tag="245" ind1="0" ind2="0">
    <subfield code="a">&#x986;&#x9B6;&#x9C1;&#x9B0;&#x9BE; &#x993; &#x995;&#x9BE;&#x9B0;&#x9AC;&#x9BE;&#x9B2;&#x9BE; &#x9AC;&#x9BF;&#x9B7;&#x9AF;&#x9BC;&#x995; &#x9AA;&#x9CD;&#x9B0;&#x9B6;&#x9CD;&#x9A8;&#x9CB;&#x9A4;&#x9CD;&#x9A4;&#x9B0; /</subfield>
    <subfield code="c">&#x986;&#x9AC;&#x9A6;&#x9C1;&#x9B2;&#x9CD;&#x9B2;&#x9BE;&#x9B9; &#x993; &#x985;&#x9A8;&#x9CD;&#x9AF;&#x9BE;&#x9A8;&#x9CD;&#x9AF; (&#x985;&#x9A8;&#x9C1;&#x9AC;&#x9BE;&#x9A6;&#x995;); </subfield>
  </datafield>
  <datafield tag="246" ind1=" " ind2=" ">
    <subfield code="a">Ashura O Karbala Bishayak Prosnottor. </subfield>
  </datafield>
  <datafield tag="260" ind1=" " ind2=" ">
    <subfield code="a">&#x987;&#x9B0;&#x9BE;&#x9A8;: </subfield>
    <subfield code="b">&#x986;&#x9B9;&#x9B2;&#x9C7; &#x9AC;&#x9BE;&#x987;&#x9A4; (&#x986;.) &#x9AC;&#x9BF;&#x9B6;&#x9CD;&#x9AC; &#x9B8;&#x982;&#x9B8;&#x9CD;&#x9A5;&#x9BE; &#x993; &#x9AC;&#x9BE;&#x982;&#x9B2;&#x9BE;&#x9A6;&#x9C7;&#x9B6; &#x987;&#x9B8;&#x9B2;&#x9BE;&#x9AE;&#x9C0; &#x9B8;&#x9BE;&#x982;&#x9B8;&#x9CD;&#x995;&#x9C3;&#x9A4;&#x9BF;&#x995; &#x9AA;&#x9B0;&#x9BF;&#x9B7;&#x9A6;, </subfield>
    <subfield code="c">&#x9E8;&#x9E6;&#x9E7;&#x9EC;&#x964; </subfield>
  </datafield>
  <datafield tag="300" ind1=" " ind2=" ">
    <subfield code="a">&#x9E9;&#x9E9;&#x9EA; &#x9AA;&#x9C3;&#x9B7;&#x9CD;&#x9A0;&#x9BE;: </subfield>
    <subfield code="c">&#x9E8;&#x9E8; &#x9B8;&#x9C7;.&#x9AE;&#x9BF;. </subfield>
  </datafield>
  <datafield tag="650" ind1=" " ind2="0">
    <subfield code="a">Ashura (&#x986;&#x9B6;&#x9C1;&#x9B0;&#x9BE;)</subfield>
    <subfield code="9">6856</subfield>
  </datafield>
  <datafield tag="650" ind1=" " ind2="0">
    <subfield code="a">&#x987;&#x9B8;&#x9B2;&#x9BE;&#x9AE; &#x9A7;&#x9B0;&#x9CD;&#x9AE; (Islamic Religion)</subfield>
    <subfield code="9">6085</subfield>
    <subfield code="x">Karbala (&#x995;&#x9BE;&#x9B0;&#x9AC;&#x9BE;&#x9B2;&#x9BE;)</subfield>
  </datafield>
  <datafield tag="700" ind1=" " ind2=" ">
    <subfield code="a">&#x995;&#x9AC;&#x9C0;&#x9B0;, &#x98F;. &#x995;&#x9C7;. &#x98F;&#x9AE;. &#x986;&#x9A8;&#x9BE;&#x9C7;&#x9AF;&#x9BC;&#x9BE;&#x9B0;&#x9C1;&#x9B2;</subfield>
    <subfield code="9">801</subfield>
  </datafield>
  <datafield tag="942" ind1=" " ind2=" ">
    <subfield code="2">ddc</subfield>
    <subfield code="c">BK</subfield>
  </datafield>
  <datafield tag="952" ind1=" " ind2=" ">
    <subfield code="0">0</subfield>
    <subfield code="1">0</subfield>
    <subfield code="2">ddc</subfield>
    <subfield code="4">0</subfield>
    <subfield code="7">0</subfield>
    <subfield code="8">NFIC</subfield>
    <subfield code="a">ASL</subfield>
    <subfield code="b">ASL</subfield>
    <subfield code="c">GEN</subfield>
    <subfield code="d">2022-12-22</subfield>
    <subfield code="e">Complementary</subfield>
    <subfield code="l">0</subfield>
    <subfield code="o">297 ASH</subfield>
    <subfield code="p">118125</subfield>
    <subfield code="r">2022-12-22 00:00:00</subfield>
    <subfield code="t">C-1</subfield>
    <subfield code="w">2022-12-22</subfield>
    <subfield code="y">BK</subfield>
  </datafield>
  <datafield tag="999" ind1=" " ind2=" ">
    <subfield code="c">29836</subfield>
    <subfield code="d">29836</subfield>
  </datafield>
</record>
